000 01070nam a22002297a 4500
001 9307
003 FISKH
005 20251218081525.0
008 251209b cb ||||| |||| 00| 0 eng d
040 _aFISKH
_beng
_cFISKH
_dFISKH
082 _a823.91
100 _aWilliams-Ellis, Amabel
245 _aFairy tales from near and far /
_cAmabel Williams-Ellis
260 _aLondon :
_bBlackie,
_c1977.
300 _a128 pages :
_bcolor illustrations ;
_c22 cm
520 _aA collection of traditional fairy tales retold by Amabel Williams-Ellis, featuring stories from different countries and cultures. Each tale presents classic themes of magic, adventure, kindness, and courage, offering readers a glimpse into folklore from around the world. The anthology brings together both familiar and less-known stories, written in clear, engaging language suitable for young readers.
650 _aFairy tales
_vAdventure
650 _aWorld tales
_vMoral stories
_xFolklore
650 _aShort stories
_vTraditional tales
942 _2ddc
_cBK
_n0
999 _c9307
_d9307